000 00534nam a2200169Ia 4500
008 240729s9999 xx 000 0 und d
022 _a2589-3025
245 0 _aTropical Cyclone Research and Review
260 _aChina
260 _bKeAi Communications Co., Ltd.
650 _a Environmental sciences
650 _a Physical geography | Geography. Anthropology. Recreation
650 _aGeography. Anthropology. Recreation
856 _uhttps://doaj.org/toc/012b976cc57e4ce1955628e280adde9d
942 _2ddc
942 _cDOAJEJ
999 _c67733
_d67733
945 _a1
_bMadushi Gamage
_c1
_dMadushi Gamage